000 00330nam a2200145Ia 4500
999 _c5889
_d5889
003 OSt
008 191201s2014 xx 000 0 und d
100 _aLARI, Osama
245 0 _aBasics of Non Destructive Testing
250 _aRep
260 _aN. delhi
_bkatson
_c2014
300 _a261
650 _aB.Tech(CE)
942 _2ddc
_cBK